Inclusive development and institutional dynamics / (Record no. 25980)

MARC details
000 -LEADER
fixed length control field 01084nam a22002657a 4500
005 - DATE AND TIME OF LATEST TRANSACTION
control field 20090501112837.0
008 - FIXED-LENGTH DATA ELEMENTS--GENERAL INFORMATION
fixed length control field 090501t xxu||||| |||| 00| 0 eng d
010 ## - LCCN (DPL NO)
LC control number ENG-93360
020 ## - INTERNATIONAL STANDARD BOOK NUMBER
Terms of availability 580.00
035 ## - SYSTEM CONTROL NUMBER
System control number EN-76893
037 ## - SOURCE OF ACQUISITION
Source of stock number/acquisition DBAD / PUB
040 ## - CATALOGING SOURCE
Original cataloging agency dpl
Language of cataloging English
082 ## - DEWEY DECIMAL CLASSIFICATION NUMBER
Classification number 338.954
100 ## - MAIN ENTRY--PERSONAL NAME
Personal name Chatterjee, Rajesh
245 ## - TITLE STATEMENT
Title Inclusive development and institutional dynamics /
Statement of responsibility, etc by Rajesh Chatterjee, M.M. Semwal [and] Kashinath Jena
260 ## - PUBLICATION, DISTRIBUTION, ETC. (IMPRINT)
Place of publication, distribution, etc Delhi
Name of publisher, distributor, etc Abhijeet Publications
Date of publication, distribution, etc 2008
270 ## - ADDRESS
Address 2/46 Tukhmeerpur Extension
City Delhi
Postal code 110094
300 ## - PHYSICAL DESCRIPTION
Extent viii, 222p.
Dimensions 23cm (Hb)
500 ## - GENERAL NOTE
General note Includes bibliographical references
500 ## - GENERAL NOTE
General note Same ISBN 8189886630 / 9788189886639 in "The emerging issues on labour problems in India under globalization"
700 ## - ADDED ENTRY--PERSONAL NAME
Personal name Semwal, M.M.
700 ## - ADDED ENTRY--PERSONAL NAME
Personal name Jena, Kashinath
942 ## - ADDED ENTRY ELEMENTS (KOHA)
Source of classification or shelving scheme Dewey Decimal Classification
Item type Bengali Books
Classification part 338.954
Call number suffix CHA
Holdings
Withdrawn status Lost status Source of classification or shelving scheme Damaged status Not for loan Collection code Home library Current library Date acquired Source of acquisition Cost, normal purchase price Total Checkouts Full call number Barcode Date last seen Copy number Cost, replacement price Koha item type
    Dewey Decimal Classification   Not For Loan Non-fiction D.B.Act.Division D.B.Act.Division 01/05/2009 DBAD / PUB 580.00   338.954 CHA EN-76893 01/05/2009 1 580.00 English Books

© Delhi Public Library
Hit Counter
free hit counter